Hurdles still to be crossed (Record no. 78947)

MARC details
000 -LEADER
fixed length control field 00960cab a22002055a 4500
001 - CONTROL NUMBER
control field L138653
008 - FIXED-LENGTH DATA ELEMENTS--GENERAL INFORMATION
fixed length control field 070629e20070623xxk f 000 0 eng d
035 ## - SYSTEM CONTROL NUMBER
System control number (Sirsi) u138653
041 0# - LANGUAGE CODE
Language code of text/sound track or separate title eng
100 1# - MAIN ENTRY--PERSONAL NAME
Personal name White, Matthew
245 00 - TITLE STATEMENT
Title Hurdles still to be crossed
260 ## - PUBLICATION, DISTRIBUTION, ETC.
Date of publication, distribution, etc. 2007
490 ## - SERIES STATEMENT
Series statement Estates Gazette
Volume/sequential designation (0725), 174-176(3)
520 ## - SUMMARY, ETC.
Summary, etc. Discusses the new planning white paper, arguing that some of its elements are nothing new whilst others will be welcome. Suggests that with its commitments to streamline national planning policy documents and reduce call-in powers, the government has made a case for some devolution of power to local authorities. Concludes that both promoters of infrastructure projects and developers should welcome many of the proposals.
590 ## - LOCAL NOTE (RLIN)
Local note KA
651 #4 - SUBJECT ADDED ENTRY--GEOGRAPHIC NAME
Geographic name United Kingdom
Chronological subdivision
690 ## - LOCAL SUBJECT ADDED ENTRY--TOPICAL TERM (OCLC, RLIN)
Topical term or geographic name as entry element ENVIRONMENTAL AND LAND CONSULTANCY-PLANNING AND DEVELOPMENT-PLANNING REFORM
700 1# - ADDED ENTRY--PERSONAL NAME
Personal name Chadwick, Sue
942 ## - ADDED ENTRY ELEMENTS (KOHA)
Suppress in OPAC 0
Holdings
Withdrawn status Lost status Source of classification or shelving scheme Damaged status Not for loan Home library Current library Shelving location Date acquired Total Checkouts Full call number Barcode Date last seen Copy number Price effective from Koha item type
    Dewey Decimal Classification     London London Journal article 29/06/2007   L138653 138653-1001 06/08/2019 1 06/08/2019 Journal article